000 00660nam a2200229Ia 4500
005 20260320201818.0
008 008 262003s9999 xx 000 0 eng d
037 _aEBOOK
040 _aCRL
040 _beng
040 _cCRL
041 _2eng
041 _aeng
084 _qCRL
100 _aSantana
_91136008
245 0 _aCloud Computing Demystified for Aspiring Professionals: Hone your skills in AWS, Azure, and Google cloud computing and boost your career as a cloud engineer
260 _bIEEE
856 _uhttps://ieeexplore.ieee.org/servlet/opac?bknumber=10163446
942 _cEBOOK
999 _c1723677
_d1723677